Normal view
MARC view
Entry Personal Name
001 - CONTROL NUMBER
- control field: 241392
003 - CONTROL NUMBER IDENTIFIER
- control field: OSt
005 - DATE AND TIME OF LATEST TRANSACTION
- control field: 20251003153921.0
008 - FIXED-LENGTH DATA ELEMENTS
- fixed length control field: 251003|| aca||aabn | a|a d
040 ## - CATALOGING SOURCE
- Original cataloging agency: OSt
- Transcribing agency: OSt
100 ## - HEADING--PERSONAL NAME
- Personal name: Miriam W Schustack
670 ## - SOURCE DATA FOUND
- Source citation: Work cat.: (OSt)145495: Howard S Friedman 241389, Personality, 2009